000 00450nam a2200169Ia 4500
003 STCL
008 181203s9999 xx 000 0 und d
020 _a9788126509119
040 _aSTCL
_bEN
_cSTCL
082 _222
100 _aDouglas, Bodie E.; McDaniel, Darl H.; Alexander, John J.
245 0 _aConcepts and Models of Inorganic Chemistry
260 _bWiley India
_aNew Delhi
_c2013
300 _a928
546 _aEnglish
942 _2ddc
_cBK
999 _c83018
_d83018